00370nam a2200109Ia 4500082001200000100002300012245008900035260006300124300001300187650001900200650004100219 aRP 0290 aPandi, S. Jagadees 0aImpact of MGNREGA on rural livelihoods:ba study in selected Districts of Tamil Nadu c2015bIndian Council of Social Science Research, New Delhi a159, xxp aMGNREGAvNREGA aRural livelihoodszIndiazTamil Nadu